| 000 | 00516nam a22001577a 4500 | ||
|---|---|---|---|
| 005 | 20251108164222.0 | ||
| 008 | 250721s1994 xx 000 0 ara d | ||
| 082 | 1 | 4 | _a109/علي |
| 100 | 1 | _aحرب، علي | |
| 245 | 1 | 0 |
_aأسئلة الحقيقة و رهنات الفكر : _bمقاربات نقدية و سجالية / |
| 264 | 1 |
_aبيروت : _bدار الطليعة للطباعة و النشر، _c1994. |
|
| 300 | _a208ص | ||
| 650 | 1 | 7 | _aالمذاهب الفلسفية |
| 942 |
_2ddc _cBK |
||
| 999 |
_c6678 _d6678 |
||